La responsabilidad extracontractual en la jurisprudencia
Saved in:
| Hovedforfatter: | |
|---|---|
| Andre forfattere: | |
| Format: | Bog |
| Sprog: | spansk |
| Udgivet: |
Santiago
LexisNexis
2007
|
| Udgivelse: | 3a. ed |
| Fag: | |
| Tags: |
Tilføj Tag
Ingen Tags, Vær først til at tagge denne postø!
|
MARC
| LEADER | 00000nam a2200000 a 4500 | ||
|---|---|---|---|
| 001 | UCI3565 | ||
| 003 | CL-VaPUC | ||
| 008 | 071116e20070000CL |||||||||||||||||spa|d | ||
| 020 | |a 9789562386869 | ||
| 082 | 0 | 4 | |a 342.066 |b SCH |2 21 |
| 100 | 0 | |a Schopf Olea, Adrián |e author |9 524937 | |
| 700 | |a García Machmar, William |e autor |9 561941 | ||
| 245 | 1 | 3 | |a La responsabilidad extracontractual en la jurisprudencia |
| 250 | |a 3a. ed | ||
| 300 | |a 661 p | ||
| 942 | |c BK | ||
| 945 | |d 20071116 00:00:00 |a jtorresc | ||
| 260 | |a Santiago |b LexisNexis |c 2007 | ||
| 650 | 0 | |a Responsabilidad extracontractual |9 336742 | |
| 650 | 7 | |a RESPONSABILIDAD CIVIL |2 CL-VaPUC |9 524939 | |
| 650 | 0 | |a Constitución política |9 336925 | |
| 650 | 0 | |a Jurisprudencia |9 255952 | |
| 583 | |a last modification |c 20120409 06:06:48 |k Rodrigo Vera | ||
| 999 | |c 327710 |d 327708 | ||
| 952 | |0 0 |1 0 |4 0 |6 342_066000000000000_SCH_2007 |7 0 |8 A |9 410996 |a BIBDER |b BIBDER |d 2019-11-22 |i 4389115 |l 2 |o 342.066 SCH 2007 |p 4389115 |r 2023-01-25 |s 2022-05-23 |w 2019-11-22 |y BK |k DER | ||